| 000 | 01060cam a22003137a 4500 | ||
|---|---|---|---|
| 003 | CHAP | ||
| 005 | 20220329140828.0 | ||
| 008 | 971013s1977 r 00010 d | ||
| 010 | _a58243 | ||
| 011 | _a59215 | ||
| 035 | _a63373 | ||
| 040 | _cCHAP | ||
| 090 | _aTesis | ||
| 100 | 0 | 0 |
_aPrieto Mata, Octavio. _991613 |
| 245 | 0 | _aEvaluación de los efectos del hierro sobre la productividad de soya perenne (Glycine wightii W.) en suelos tropicales | |
| 260 |
_a(Monterrey, N. L.) : _bEl autor, _c1977 |
||
| 300 | _a36 h. | ||
| 502 | _aTesis (Ing. Agr. Zootecnista) -- ITESM. Div. de Ciencias Agropecuarias y MarÃtimas | ||
| 590 |
_aALEPH _b10 _c20130110 _lUCH01 _h1336 |
||
| 590 |
_aBATCH-UPD _b10 _c20130110 _lUCH01 _h0736 |
||
| 590 |
_aCONVERSION _b10 _c20130109 _lUCH01 _h1331 |
||
| 650 | 1 | 4 |
_aFierro _xEfecto en plantas. _940765 |
| 650 | 1 | 4 |
_aSoya _xRendimiento. _9109084 |
| 650 | 1 | 4 |
_aSuelos tropicales. _9110563 |
| 650 | 1 | 4 |
_aSulfato ferroso _xEfecto en plantas. _9110621 |
| 901 | _aBK | ||
| 942 | _cTESIS | ||
| 949 |
_bBC _cTES _d-136082 _eTS1 _i63373 _si |
||
| 999 |
_c58243 _d58243 |
||